00382nam a2200097Ia 4500245006300000100005900063942000700122008004100129999001900170952009500189 0aThe cult of Rhodes : remembering an imperialist in Africa  a MAYLAM, Paul Claremont, South Africa, 2005 957501 cBK210817s9999 xx 000 0 und d c371307d371306 00104070aVOLKLbVOLKLd2021-08-20g195.00l0p3322810066690r2021-08-20w2021-08-20yBK